[Event "Rishon Le Ziyyon"]
[Site "Rishon Le Ziyyon"]
[Date "1991.??.??"]
[Round "?"]
[White "Shrentzel, Mordechai"]
[Black "Ansell, Simon"]
[Result "1-0"]
[WhiteElo "2280"]
[BlackElo "2255"]

1.e4 c5 2.c3 Nf6 3.e5 Nd5 4.d4 cxd4 5.Nf3 e6 6.cxd4 b6 7.a3 Ba6 8.Bxa6 Nxa6
9.O-O Be7 10.Qd3 Nac7 11.Nbd2 Nf4 12.Qe4 Ng6 13.Nc4 O-O 14.Bd2 Nd5 15.Rac1 a5
16.Rc2 b5 17.Ne3 f5 18.Qd3 Nxe3 19.Bxe3 Qb8 20.Rfc1 a4 21.Rc7 f4 22.Bd2 Ra7
23.Qc2 d6 24.Rxa7 Qxa7 25.exd6 Bxd6 26.Qc6 Qe7 27.Qxb5 Rb8 28.Qxa4 Rxb2 29.Qa8+ Nf8
30.a4 g5 31.Bc3 Ra2 32.Nd2 g4 33.Ne4 Ba3 34.Re1 Bb4 35.Rc1 Bxc3 36.Nxc3 Rd2
37.Nb5 Qb4 38.Qe4  1-0

[Event "Sao Paulo op"]
[Site "Sao Paulo"]
[Date "1991.??.??"]
[Round "4"]
[White "Madeira, Wagner Martins"]
[Black "Sunye Neto, Jaime"]
[Result "1/2-1/2"]
[WhiteElo "2265"]
[BlackElo "2475"]

1.e4 c5 2.c3 Nf6 3.e5 Nd5 4.d4 cxd4 5.Nf3 e6 6.cxd4 b6 7.Nc3 Bb7 8.Bd3 Be7
9.O-O O-O 10.Re1 d6 11.Qe2 Nxc3 12.bxc3 Nd7 13.exd6 Bxd6 14.Bd2 Qc7 15.h3 Rfe8
16.Ng5 Nf6 17.Ne4 Bxe4 18.Bxe4 Rac8 19.Qf3 Nxe4 20.Rxe4 Qc4 21.a4 Qd5 22.Re3 Qxf3
23.Rxf3 e5 24.dxe5 Bxe5 25.Re1 f6 26.Bf4 Bxf4 27.Rxe8+ Rxe8 28.Rxf4 Rc8 29.Rd4 Rc7
30.Kf1 Kf8 31.Rd8+ Ke7 32.Ra8 a5 33.Rb8 Rxc3 34.Rxb6 Ra3 35.Rb7+ Kf8 36.g3 Rxa4
37.Ra7 h5 38.h4 Kg8 39.Kg2 Ra3 40.Kg1 Kh7 41.Kg2 Kg6 42.Kg1 Ra1+ 43.Kg2 a4
44.Kf3 a3 45.Kg2 a2 46.Ra5 Kf7 47.Ra6 Ke7 48.Ra7+ Kd6 49.Ra6+ Kd5 50.Ra5+ Kc4
51.Ra7 g5 52.hxg5 fxg5 53.Rc7+ Kd5 54.Ra7  1/2-1/2

[Event "SLO-ch"]
[Site "SLO"]
[Date "1991.??.??"]
[Round "?"]
[White "Jeric, Simon"]
[Black "Grosar, Aljosa"]
[Result "0-1"]
[WhiteElo "2310"]
[BlackElo "2470"]

1.e4 c5 2.c3 Nf6 3.e5 Nd5 4.d4 cxd4 5.Nf3 e6 6.cxd4 b6 7.a3 Be7 8.Bd3 Bb7
9.O-O d6 10.Re1 Nd7 11.Bd2 O-O 12.Nc3 dxe5 13.Nxe5 Nxe5 14.dxe5 Nxc3 15.Bxc3 Rc8
16.Be4 Bxe4 17.Rxe4 Qxd1+ 18.Rxd1 Rfd8 19.Red4 Kf8 20.Kf1 Ke8 21.Ke2 Rxd4
22.Rxd4 Bxa3 23.Ra4 Bxb2 24.Bxb2 Rc2+ 25.Ke3 Rxb2 26.Rxa7 g5 27.Ra8+ Ke7
28.Rh8 Rb3+ 29.Kd4 Rb4+ 30.Ke3 Rf4 31.f3 Rh4 32.h3 b5 33.Rb8 Rb4 34.Rh8 Rb2
35.g4 b4 36.Rb8 b3 37.Kd3 Rb1 38.Rb7+ Kf8 39.Rb4 b2 40.Kc2 Rf1 41.Kxb2 Rxf3
42.Rb3 Rxb3+ 43.Kxb3 f6 44.exf6 Kf7 45.Kc4 Kxf6 46.Kd4 Kf7 47.Kc5 Ke7 48.Kc6 e5
49.Kd5 Kf6 50.Kc4 Ke6 51.Kc5 h6  0-1

[Event "St Martin op"]
[Site "St Martin"]
[Date "1991.??.??"]
[Round "9"]
[White "Rausis, Igors"]
[Black "Browne, Walter S"]
[Result "1-0"]
[WhiteElo "2440"]
[BlackElo "2520"]

1.e4 c5 2.c3 Nf6 3.e5 Nd5 4.d4 cxd4 5.cxd4 d6 6.Nf3 Nc6 7.Bc4 Nb6 8.Bb5 dxe5
9.Nxe5 Bd7 10.Nc3 e6 11.O-O Be7 12.Qf3 O-O 13.Rd1 Rc8 14.Be3 a6 15.Be2 f5
16.Nxd7 Qxd7 17.d5 Ne5 18.Qg3 Nbc4 19.Bd4 Ng6 20.b3 Bd6 21.dxe6 Qxe6 22.Qf3 Na5
23.Qd5 Qxd5 24.Nxd5 Nc6 25.Bb6 Ba3 26.Rab1 Nce5 27.Rd2 Bc1 28.Rd4 f4 29.b4 f3
30.Bd1 fxg2 31.Bc5 Rxc5 32.bxc5 Ba3 33.Nb4 a5 34.Nd3 Nxd3 35.Rxd3 Bxc5 36.Rf3 Nf4  1-0

[Event "Struga"]
[Site "Struga"]
[Date "1991.??.??"]
[Round "2"]
[White "Kiroski, Toni"]
[Black "Stamenkov, Vanco"]
[Result "0-1"]
[WhiteElo "2375"]
[BlackElo "2310"]

1.e4 c5 2.c3 Nf6 3.e5 Nd5 4.d4 cxd4 5.Qxd4 e6 6.Nf3 Nc6 7.Qe4 f5 8.exf6 Nxf6
9.Qh4 Be7 10.Bd3 O-O 11.Bg5 g6 12.O-O e5 13.Re1 d6 14.Nbd2 Nh5 15.Bc4+ Kg7
16.g3 h6 17.Bxe7 Nxe7 18.Bf1 Nf4 19.g4 g5 20.Qg3 Neg6 21.Rad1 Be6 22.Ne4 d5
23.Nc5 Qc8 24.Nxe6+ Qxe6 25.Nd4 Qf6 26.Nf5+ Kh7 27.Qe3 e4 28.Be2 Ne5 29.c4 Nxe2+
30.Rxe2 Nxg4 31.Qc5 Qxf5 32.Rxd5 Qf4 33.Rd7+ Kg6 34.Qd6+ Qxd6 35.Rxd6+ Rf6
36.Rd7 b6 37.Rxe4 Nxf2 38.Ree7 Raf8  0-1

[Event "Subotica Interzonal (Women)"]
[Site "Subotica"]
[Date "1991.??.??"]
[Round "3"]
[White "Jackson, Sheila"]
[Black "Csonkics, Tunde"]
[Result "1/2-1/2"]
[WhiteElo "2190"]
[BlackElo "2320"]

1.e4 c5 2.c3 Nf6 3.e5 Nd5 4.d4 cxd4 5.Nf3 e6 6.cxd4 d6 7.Nc3 Nxc3 8.bxc3 Qc7
9.Bd2 Nd7 10.exd6 Bxd6 11.Bd3 Nf6 12.O-O O-O 13.c4 b6 14.h3 Bb7 15.Re1 h6
16.Rb1 Rfd8 17.Rb3 Rac8 18.Qe2 Qc6 19.Be3 Qc7 20.Rc1 Bf4 21.Qd2 Bxe3 22.fxe3 Qg3
23.Qf2 Qxf2+ 24.Kxf2 Be4  1/2-1/2

[Event "Subotica Interzonal (Women)"]
[Site "Subotica"]
[Date "1991.??.??"]
[Round "3"]
[White "Jahn, Constanze"]
[Black "Bojkovic, Natasa"]
[Result "1/2-1/2"]
[WhiteElo "2175"]
[BlackElo "2340"]

1.e4 c5 2.c3 Nf6 3.e5 Nd5 4.d4 cxd4 5.Nf3 e6 6.cxd4 d6 7.a3 Bd7 8.Bd3 Bc6
9.O-O Nd7 10.b4 b6 11.Bd2 Rc8 12.Qe2 Be7 13.Rc1 O-O 14.Nc3 Nxc3 15.Bxc3 Bd5
16.Bb2 g6 17.Ba6 Rxc1+ 18.Rxc1 Nb8 19.Bc4 Bb7 20.exd6 Qxd6 21.b5 Nd7 22.Ne5 Rc8
23.Re1 Nxe5 24.dxe5 Qc5 25.Bb3 Bd5 26.Bxd5 Qxd5 27.h3 Qb3 28.Rc1 Rxc1+ 29.Bxc1 Bxa3
30.Bxa3 Qxa3 31.g3 Qa1+ 32.Kh2 Qd4 33.f4 Qd5 34.h4 h5 35.Qb2 Qd3 36.Qb4 a5
37.bxa6 Qxa6 38.Qd6 Qb7 39.Qd8+ Kh7 40.g4 hxg4 41.h5 gxh5 42.Qg5 Qc7 43.Qxh5+ Kg8
44.Qxg4+ Kf8 45.Qh4 b5 46.Qh8+ Ke7 47.Qf6+ Ke8 48.Qh8+ Ke7 49.Qf6+ Ke8 50.Qh8+ Kd7
51.Qf8 Kc6 52.Kg3 Kd5 53.Kg4 Kc4 54.Qa3 Qd7 55.Qc1+ Kb3 56.Qb1+ Ka3 57.Qa1+ Kb4
58.Qb2+ Ka5 59.Qa3+ Kb6 60.Qe3+ Kb7 61.Qc5 Qc6 62.Qf8 Qg2+ 63.Kh4 Qf2+ 64.Kg4 Qg2+
65.Kh4  1/2-1/2

[Event "Subotica Interzonal (Women)"]
[Site "Subotica"]
[Date "1991.??.??"]
[Round "5"]
[White "Jahn, Constanze"]
[Black "Csonkics, Tunde"]
[Result "1/2-1/2"]
[WhiteElo "2175"]
[BlackElo "2320"]

1.e4 c5 2.c3 Nf6 3.e5 Nd5 4.d4 cxd4 5.Nf3 e6 6.cxd4 d6 7.Bc4 Nb6 8.Bd3 Bd7
9.O-O Bc6 10.Nc3 a6 11.Bf4 Nd5 12.Nxd5 Bxd5 13.Ng5 Nc6 14.Be4 Bxe4 15.Nxe4 d5
16.Ng3 g6 17.Qd2 h5 18.Bg5 Be7 19.f4 Qb6 20.Ne2 Bxg5 21.fxg5 O-O 22.Kh1 Rac8
23.Rac1 Qb4 24.Rc3 Ne7 25.a3 Qb5 26.Rfc1 Rxc3 27.Rxc3 Rc8 28.Rxc8+ Nxc8 29.Qc2 Ne7
30.Kg1 Kg7 31.Kf2 Nf5 32.h3 Qb6 33.Qc3  1/2-1/2

[Event "Subotica Interzonal (Women)"]
[Site "Subotica"]
[Date "1991.??.??"]
[Round "9"]
[White "Jackson, Sheila"]
[Black "Bojkovic, Natasa"]
[Result "1/2-1/2"]
[WhiteElo "2190"]
[BlackElo "2340"]

1.e4 c5 2.c3 Nf6 3.e5 Nd5 4.d4 cxd4 5.Nf3 e6 6.cxd4 d6 7.a3 Nd7 8.Bd3 b6
9.O-O Be7 10.Re1 dxe5 11.dxe5 Bb7 12.Bd2 O-O 13.Nc3 Nc5 14.Bc2 Nxc3 15.Bxc3 Qxd1
16.Raxd1  1/2-1/2

[Event "Valby K41"]
[Site "Valby"]
[Date "1991.??.??"]
[Round "8"]
[White "Greger, Roland"]
[Black "Cramling, Pia"]
[Result "1-0"]
[WhiteElo "2370"]
[BlackElo "2485"]

1.e4 c5 2.c3 Nf6 3.e5 Nd5 4.d4 cxd4 5.Nf3 e6 6.cxd4 b6 7.Nc3 Nxc3 8.bxc3 Qc7
9.Bd2 Bb7 10.Bd3 d6 11.O-O Nd7 12.Re1 dxe5 13.Nxe5 Nxe5 14.Rxe5 Bd6 15.Rh5 g6
16.Rh3 O-O 17.c4 Rfe8 18.Qg4 f5 19.Qh4 Qg7 20.Bh6 Qf7 21.Rd1 Rac8 22.Bg5 Rc7
23.c5 bxc5 24.Bb5 Rec8 25.dxc5 Bxc5 26.Bf4 Be7 27.Qh6 Bf8 28.Qh4 Rc5 29.Ba4 Bd5
30.Bb3 Bxb3 31.Rxb3 e5 32.Bh6 Rc4 33.Qh3 Be7 34.Rb7 Rc3 35.Qxc3 Rxc3 36.Rb8+ Qf8
37.Rxf8+ Bxf8 38.Rd8 Kf7 39.Rxf8+ Ke7 40.Ra8 f4 41.Rxa7+ Ke6 42.h4 Rc1+ 43.Kh2 Rc2
44.Ra6+ Kd7 45.f3 e4 46.Ra3  1-0

[Event "Vanlose"]
[Site "Vanlose"]
[Date "1991.??.??"]
[Round "?"]
[White "Pedersen, Thomas Schou"]
[Black "Jasnikowski, Zbigniew"]
[Result "0-1"]
[WhiteElo "2255"]
[BlackElo "2435"]

1.e4 c5 2.c3 Nf6 3.e5 Nd5 4.d4 cxd4 5.Nf3 e6 6.cxd4 b6 7.a3 Be7 8.h4 Ba6
9.Bxa6 Nxa6 10.Qd3 Rc8 11.Nbd2 Nab4 12.axb4 Nxb4 13.Qb1 Rxc1+ 14.Qxc1 Nd3+
15.Ke2 Nxc1+ 16.Rhxc1 a5 17.Nc4 O-O 18.Nd6 Bxd6 19.exd6 Qa8 20.Rc7 Qd5 21.Rac1 f6
22.Kf1 Qxd6 23.Ra7 Rd8 24.Kg1 h6 25.Rc4 g5 26.hxg5 hxg5 27.Rac7 b5 28.Rc1 g4
29.Nd2 Qxd4 30.Nb3 Qxb2 31.Nxa5 g3 32.R7c2 gxf2+ 33.Kf1 Qa3 34.Nb7 Qd3+ 35.Kxf2 Qd4+
36.Kf1 Ra8 37.Rc3 Qf4+ 38.Kg1 Ra2 39.Rc8+ Kg7 40.Rf1 Qd2  0-1

[Event "Vienna op"]
[Site "Vienna"]
[Date "1991.??.??"]
[Round "6"]
[White "Schmittdiel, Eckhard"]
[Black "Rotstein, Arkadij"]
[Result "1/2-1/2"]
[WhiteElo "2490"]
[BlackElo "2390"]

1.e4 c5 2.c3 Nf6 3.e5 Nd5 4.d4 cxd4 5.Nf3 e6 6.cxd4 d6 7.Nc3 dxe5 8.Nxe5 Bb4
9.Bd2 Nd7 10.Nxd5 Bxd2+ 11.Qxd2 exd5 12.Bb5 O-O 13.Bxd7 Bxd7 14.O-O Bf5 15.Rac1 f6
16.Nd3 Bxd3 17.Qxd3  1/2-1/2

[Event "Vienna op"]
[Site "Vienna"]
[Date "1991.??.??"]
[Round "7"]
[White "Godena, Michele"]
[Black "Pigusov, Evgeny"]
[Result "1/2-1/2"]
[WhiteElo "2415"]
[BlackElo "2540"]

1.e4 c5 2.c3 Nf6 3.e5 Nd5 4.d4 cxd4 5.Nf3 Nc6 6.cxd4 d6 7.Bc4 Nb6 8.Bb5 dxe5
9.Nxe5 Bd7 10.Nxd7 Qxd7 11.Nc3 e6 12.O-O Be7 13.Qg4 O-O 14.Bxc6 bxc6 15.Bh6 Bf6
16.Rfd1 Kh8 17.Ne4 Qe7 18.Bg5 Bxg5 19.Qxg5 Qxg5 20.Nxg5 Kg8 21.Rac1 Rac8
22.Nf3 f6 23.Rd3 Rfd8 24.Ra3 c5 25.Rac3 c4 26.b3 cxb3 27.Rxc8 Nxc8 28.axb3 Nd6
29.Rc6 Rd7 30.Kf1 Kf7 31.Ke2 g5 32.h3 h5 33.Ra6 Nb5 34.Ra5 Nc3+ 35.Kd2 Nd5
36.h4 g4 37.Ne1 Rb7 38.Ra3 Ne7 39.g3 Nf5 40.Nc2 Nd6 41.Ne1 Nf5  1/2-1/2

[Event "Vienna op"]
[Site "Vienna"]
[Date "1991.??.??"]
[Round "9"]
[White "Pfeiffer, Herbert"]
[Black "Moiseev, Viktor"]
[Result "1-0"]
[WhiteElo "2290"]
[BlackElo "2480"]

1.e4 c5 2.c3 Nf6 3.e5 Nd5 4.d4 cxd4 5.Nf3 e6 6.Bd3 dxc3 7.Nxc3 Nxc3 8.bxc3 Be7
9.Qa4 Nc6 10.O-O d6 11.Rd1 Qc7 12.Qg4 g6 13.exd6 Bxd6 14.Bb5 Bd7 15.Bg5 f5
16.Qc4 h6 17.Bxc6 Qxc6 18.Qd4 Rg8 19.Bxh6 Bc7 20.Bg5 Qa4 21.c4 Rc8 22.Qh4 Rg7
23.Bf6  1-0

[Event "Werfen op"]
[Site "Werfen"]
[Date "1991.??.??"]
[Round "7"]
[White "Haas, H."]
[Black "Sarosi, Zoltan"]
[Result "0-1"]
[WhiteElo "2100"]
[BlackElo "2315"]

1.e4 c5 2.c3 Nf6 3.e5 Nd5 4.d4 cxd4 5.cxd4 d6 6.Nf3 e6 7.Bc4 Nb6 8.Bb3 dxe5
9.dxe5 Qxd1+ 10.Kxd1 Bd7 11.Nd4 Nc6 12.Nf3 Na5 13.Nc3 Bc6 14.Bf4 Nxb3 15.axb3 Nd5
16.Bd2 Bc5 17.Ke2 Nb4 18.Be3 Bxe3 19.fxe3 O-O 20.Rhd1 Nd5 21.g3 Rfd8 22.Nxd5 Bxd5
23.e4 Bxe4 24.Rxa7 h6 25.Rxa8 Rxa8 26.Ke3 Bd5 27.Nd4 Ra2 28.Rd2 Ra1 29.Re2 Kf8
30.Kd3 Rc1 31.Kd2 Rg1 32.Kc3 Rg2 33.Rxg2 Bxg2 34.Kb4 Ke7 35.Kc5 f6 36.Nc2 f5
37.Kb6 g5 38.Kc7 f4 39.gxf4 gxf4 40.b4 Be4 41.Na3 Bd3  0-1

[Event "Wiesbaden op"]
[Site "Wiesbaden"]
[Date "1991.??.??"]
[Round "4"]
[White "Troltenier, Dirk"]
[Black "Palac, Mladen"]
[Result "1/2-1/2"]
[WhiteElo "2250"]
[BlackElo "2475"]

1.e4 c5 2.c3 Nf6 3.e5 Nd5 4.d4 cxd4 5.Nf3 Nc6 6.Bc4 Nb6 7.Bb3 d5 8.exd6 Qxd6
9.O-O Be6 10.Na3 Bxb3 11.Qxb3 Rc8 12.Nb5 Qd5 13.Nfxd4 Nxd4 14.Nxd4 e6 15.Rd1 Bc5
16.Qb5+ Qd7  1/2-1/2

[Event "Zalaegerszeg"]
[Site "Zalaegerszeg"]
[Date "1991.??.??"]
[Round "1"]
[White "David, Pavel"]
[Black "Vaulin, Alexander"]
[Result "0-1"]
[WhiteElo "2400"]
[BlackElo "2495"]

1.e4 c5 2.c3 Nf6 3.e5 Nd5 4.d4 cxd4 5.Nf3 e6 6.cxd4 d6 7.Bc4 Nc6 8.O-O Be7
9.exd6 Qxd6 10.Nc3 Nxc3 11.bxc3 O-O 12.Qe2 b6 13.Ng5 Bb7 14.Bd3 Bxg5 15.Bxg5 Rac8
16.f4 f6 17.Bh4 Ne7 18.Qd2 Nf5 19.Be1 Qd5 20.Rf2 Rfd8 21.a4 Nd6 22.Re2 Nc4
23.Qc2 f5 24.Qa2 Na5 25.Qa3 Qd6 26.Qxd6 Rxd6 27.Rb1 Bd5 28.Bc2 Kf7 29.Kf2 h6
30.h4 Rdc6 31.h5 Nc4 32.Bd3 Nd6 33.Re5 Ne4+ 34.Bxe4 Bxe4 35.Rxe4 fxe4 36.Ke3 Rc4
37.Ra1 Kf6 38.Kxe4 Ke7 39.Kd3 R8c6 40.Ra3 Kd6  0-1

[Event "Zalakaros op"]
[Site "Zalakaros"]
[Date "1991.??.??"]
[Round "1"]
[White "Waller, Helmut"]
[Black "Gazik, Igor"]
[Result "0-1"]
[WhiteElo "2235"]
[BlackElo "2395"]

1.e4 c5 2.c3 Nf6 3.e5 Nd5 4.d4 cxd4 5.Nf3 Nc6 6.Bc4 Nb6 7.Bb3 d6 8.exd6 Qxd6
9.O-O Be6 10.Bxe6 Qxe6 11.Nxd4 Nxd4 12.cxd4 Qd7 13.Nc3 e6 14.Qf3 Be7 15.Qg3 O-O
16.Rd1 Nd5 17.Bh6 Bf6 18.Ne4 Qe7 19.Rac1 Rac8 20.Nxf6+ Qxf6 21.Be3 h6 22.h3 Rfd8
23.a3 a6 24.Qg4 Kh7 25.Qe4+ Qg6 26.Qxg6+ Kxg6 27.Kf1 Nb6 28.Ke2 Nd5 29.g3 Kf6
30.Rd3 Rxc1 31.Bxc1 Rc8 32.Kd1 Ke7 33.Bd2 Kd6 34.Rf3 f6 35.Bc3 Nxc3+ 36.bxc3 Kd5
37.Kc2 Kc4 38.h4 Rc6 39.Rd3 Rb6 40.a4 h5 41.Re3 Rb3 42.f3 b5 43.axb5 axb5
44.f4 b4 45.f5 exf5 46.d5 bxc3 47.Rf3 Rb2+ 48.Kc1 g6  0-1

[Event "Zalakaros op"]
[Site "Zalakaros"]
[Date "1991.??.??"]
[Round "7"]
[White "Borsos, Bogdan"]
[Black "Tompa, Janos"]
[Result "1-0"]
[WhiteElo "2310"]
[BlackElo "2455"]

1.e4 c5 2.c3 Nf6 3.e5 Nd5 4.d4 cxd4 5.Nf3 e6 6.cxd4 d6 7.Bc4 Nb6 8.Bd3 N8d7
9.exd6 Bxd6 10.Nc3 Nf6 11.O-O Bd7 12.Qe2 Bc6 13.Ne5 O-O 14.Bg5 Be7 15.Nxc6 bxc6
16.Rfd1 Nbd5 17.Ne4 Re8 18.a3 Nxe4 19.Bxe7 Rxe7 20.Qxe4 g6 21.Rac1 Rb7 22.Rc2 Rab8
23.Rdd2 a5 24.h4 Qf6 25.g3 c5 26.dxc5 Rxb2 27.c6 Rb1+ 28.Kh2 Rc8 29.Ba6 Rc7
30.Rc5 Qa1 31.Bc4 Re1 32.Qd4 Rh1+ 33.Kg2 Rg1+ 34.Kh2 Rh1+ 35.Kg2 Rg1+ 36.Kf3 Qxd4
37.Rxd4 Rc1 38.Rxa5 Ne7 39.Rd7 Rxc6 40.Rxe7 R1xc4 41.Raa7 e5 42.Rxf7 Rc3+
43.Kg2 Rxa3 44.Rg7+ Kf8 45.Raf7+ Ke8 46.Rb7 Kf8 47.Rxh7 Kg8 48.Rhe7 Rf6 49.Rxe5 Ra2
50.Re8+ Rf8 51.Rxf8+ Kxf8 52.g4 Kg8 53.Kg3 Ra4 54.g5 Rc4 55.Rb6 Kg7 56.Rf6 Rc1
57.Rf4 Rc3+ 58.f3 Rc1 59.Rb4 Rh1 60.Rb7+ Kg8 61.Rb2 Ra1 62.h5 gxh5 63.Rb7 Ra4
64.Re7 h4+ 65.Kf2 Ra2+ 66.Ke3 h3 67.Re6 Ra3+ 68.Kf4 Ra1 69.Rh6 Rh1 70.Kf5 h2
71.f4 Kg7 72.Rh3 Kg8 73.g6 Kg7 74.Rh4 Ra1 75.Rh7+ Kf8 76.Rxh2 Ra5+ 77.Kf6  1-0

[Event "Zalakaros op"]
[Site "Zalakaros"]
[Date "1991.??.??"]
[Round "8"]
[White "Waller, Helmut"]
[Black "Sinkovics, Peter"]
[Result "0-1"]
[WhiteElo "2235"]
[BlackElo "2370"]

1.e4 c5 2.c3 Nf6 3.e5 Nd5 4.d4 cxd4 5.Nf3 Nc6 6.Bc4 e6 7.cxd4 d6 8.O-O Be7
9.a3 O-O 10.Qe2 b6 11.Bd2 dxe5 12.dxe5 Bb7 13.Rd1 Qc7 14.Bxd5 exd5 15.Nc3 Rad8
16.Rac1 Qd7 17.Be3 Qe6 18.Bd4 Rfe8 19.h3 Bf8 20.Qd3 Na5 21.Ng5 Qg6 22.Qxg6 hxg6
23.Nb5 Nb3 24.Rc3 Nxd4 25.Rxd4 Rxe5 26.Nf3 Re2 27.b4 a6 28.Rc7 Re7 29.Rxe7 Bxe7
30.Nc3 Bf6 31.Rd3 d4 32.Nb1 Be4 33.Rd1 Bc2 34.Re1 d3 35.Nfd2 b5 36.g3 Rc8
37.Kg2 Kf8 38.Kf3 Bd4 39.Kg2 Rc6 40.Nf3 Bb2 41.Nfd2 a5 42.bxa5 Ra6 43.Re4 Rxa5
44.Rb4 Bf6 45.Kf1 Be7 46.Rb2 b4 47.Kg2 b3 48.Nxb3 Rb5 49.N1d2 Bf6  0-1

[Event "Wuerttemberg-ch"]
[Site "Zell"]
[Date "1991.??.??"]
[Round "6"]
[White "Schlenker, Jochen"]
[Black "Migl, Dieter"]
[Result "1-0"]
[WhiteElo "2245"]
[BlackElo "2235"]

1.e4 c5 2.c3 Nf6 3.e5 Nd5 4.d4 cxd4 5.cxd4 d6 6.Nf3 Nc6 7.Bc4 Nb6 8.Bb5 dxe5
9.Nxe5 Bd7 10.Nxd7 Qxd7 11.Nc3 e6 12.Qg4 h5 13.Qe4 Be7 14.O-O a6 15.Bxc6 Qxc6
16.Qxc6+ bxc6 17.Be3 O-O-O 18.Rac1 Kb7 19.Ne4 Rd5 20.Rc2 Rc8 21.Rfc1 Nd7
22.Kf1 Nf6 23.f3 Rf5 24.Ke2 Nd5 25.g4 Nxe3 26.Kxe3 Ra5 27.a3 Kb6 28.h3 Rd5
29.Nc3 Rdd8 30.Na4+ Kb7 31.Nc5+ Bxc5 32.Rxc5 hxg4 33.hxg4 Rd5 34.Rxd5 exd5
35.Rh1 Re8+ 36.Kd2 Kb6 37.Rh7 Rg8 38.g5 Kb5 39.b3 a5 40.a4+ Kb4 41.Kc2 c5
42.dxc5 Kxc5 43.Kc3 Re8 44.Kd2 Rg8 45.Kd3 Kb4 46.Kd4 Kxb3 47.Kxd5 Kxa4 48.Kd6 f6
49.g6 Rd8+ 50.Ke6 Rd3 51.f4 Rd4 52.f5 Re4+ 53.Kf7 Rf4 54.Rh5 Kb5 55.Kxg7 a4
56.Kxf6 a3 57.Rh2  1-0

[Event "Zuerich op"]
[Site "Zuerich"]
[Date "1991.??.??"]
[Round "5"]
[White "Klinger, Josef"]
[Black "Kamber, Bruno"]
[Result "1-0"]
[WhiteElo "2470"]
[BlackElo "2270"]

1.e4 c5 2.c3 Nf6 3.d3 Nc6 4.g3 e5 5.Bg2 Be7 6.Nf3 O-O 7.O-O d5 8.exd5 Nxd5
9.Re1 Bf6 10.Nbd2 Nb6 11.Ne4 Be7 12.Be3 c4 13.d4 f5 14.Nc5 Bxc5 15.dxc5 Qxd1
16.Raxd1 Na4 17.Rd2 f4 18.gxf4 exf4 19.Bd4 Bg4 20.Ne5 Rfe8 21.Bxc6 bxc6 22.b3 Nb6
23.cxb6 axb6 24.f3 Bh3 25.b4 Rad8 26.Rde2 Rd6 27.Ng4 Rxe2 28.Rxe2 c5 29.bxc5 bxc5
30.Bf2 Rg6 31.Re5 Rb6 32.Bxc5 Rb2 33.Rh5 Rb1+ 34.Kf2 Rb2+ 35.Ke1 Bg2 36.Rf5 h5
37.Ne5 Rb5 38.Bd4 Bxf3 39.Rxf4 Rb1+ 40.Kf2 Bd5 41.h4 Rb2+ 42.Ke3 Rxa2 43.Rf5  1-0

[Event "BRA-ch"]
[Site "Curitiba"]
[Date "1992.12.??"]
[Round "10"]
[White "Madeira, Wagner Martins"]
[Black "Tsuboi, Edson Kenji"]
[Result "1/2-1/2"]
[WhiteElo "2285"]
[BlackElo "2335"]

1.e4 c5 2.c3 Nf6 3.e5 Nd5 4.d4 cxd4 5.Nf3 Nc6 6.cxd4 d6 7.Bc4 Nb6 8.Bb5 dxe5
9.Nxe5 Bd7 10.Nxd7 Qxd7 11.Nc3 e6 12.O-O Be7 13.Qg4 O-O 14.Bxc6 bxc6 15.Bh6 Bf6
16.Rfd1 Kh8 17.Ne4 Qe7 18.Bf4 Rfd8 19.Nxf6 Qxf6 20.Be5 Qg6 21.Qe2 Nd7 22.Bg3 Qf5
23.Rac1 Qa5 24.Qf3 Qxa2 25.Qxf7 Qd5 26.Re1 Qxd4 27.Rcd1 Ne5 28.Qh5 Nd3 29.Rxe6 Nf4
30.Rxd4 Nxh5 31.Be5 Rxd4 32.Bxd4 Nf4 33.Re7 Rd8 34.g3 Kg8 35.Rxg7+ Kf8 36.gxf4 Rxd4
37.Rxa7 Rxf4 38.Rb7 Rg4+ 39.Kf1 h5 40.Ke2 Rh4 41.Rb6 Rxh2 42.Rxc6 Rh4 43.Kd3 Rf4
44.Rc2 Ke7 45.Ke3  1/2-1/2

[Event "Alba Adriatica op"]
[Site "Alba Adriatica"]
[Date "1992.??.??"]
[Round "?"]
[White "Sermek, Drazen"]
[Black "Barlov, Dragan"]
[Result "1-0"]
[WhiteElo "2465"]
[BlackElo "2460"]

1.e4 c5 2.c3 Nf6 3.e5 Nd5 4.d4 cxd4 5.Nf3 e6 6.cxd4 d6 7.a3 Bd7 8.Bd3 Bc6
9.O-O Be7 10.Re1 Nd7 11.b4 a6 12.Nbd2 dxe5 13.dxe5 Nc3 14.Qc2 Rc8 15.Qxc3 Bxf3
16.Qb3 Bd5 17.Qd1 Nf8 18.Ne4 Ng6 19.Qh5 Bc6 20.Bc2 Qd4 21.Bg5 Bxe4 22.Bxe4 Bxg5
23.Qxg5 Qb6 24.h4 O-O 25.h5 h6 26.Qe3 Qxe3 27.Rxe3 Nxe5 28.Bxb7 Rc7 29.Bxa6 Ng4
30.Rb3 Rc2 31.Bb7 Rd8 32.Bf3 Nxf2 33.Rf1 Rdd2 34.b5 e5 35.b6 e4 36.b7 exf3
37.b8=Q+  1-0

[Event "Wch U26 (Women)"]
[Site "Antwerp"]
[Date "1992.??.??"]
[Round "2"]
[White "Stoianova, R."]
[Black "Marinova, Elka"]
[Result "1/2-1/2"]
[WhiteElo "2045"]
[BlackElo "2075"]

1.e4 c5 2.c3 Nf6 3.e5 Nd5 4.d4 cxd4 5.cxd4 Nc6 6.Bc4 Nb6 7.Bb3 e6 8.Nc3 d6
9.Nf3 dxe5 10.dxe5 Qxd1+ 11.Bxd1 Bb4 12.O-O a6 13.Bf4 O-O 14.Na4 Nxa4 15.Bxa4 b5
16.Bc2 Bb7 17.Rad1 Rad8 18.Rxd8 Rxd8 19.Rd1 Rxd1+ 20.Bxd1  1/2-1/2

[Event "Wch U26"]
[Site "Antwerp"]
[Date "1992.??.??"]
[Round "4"]
[White "Vega Holm, Fernando"]
[Black "Genov, Petar"]
[Result "1-0"]
[WhiteElo "2320"]
[BlackElo "2460"]

1.e4 c5 2.c3 Nf6 3.e5 Nd5 4.d4 e6 5.Nf3 cxd4 6.cxd4 b6 7.Nc3 Nxc3 8.bxc3 Bb7
9.Bd3 Be7 10.O-O d6 11.Re1 Nc6 12.Bf4 d5 13.a4 Na5 14.Nd2 Rc8 15.Bb5+ Bc6
16.Ba6 Bb7 17.Bb5+ Kf8 18.Re3 h5 19.h3 Nc4 20.Bxc4 dxc4 21.Ne4 Qd5 22.f3 h4
23.Qd2 Rh5 24.Ree1 Qd8 25.Nd6 Bxd6 26.exd6 Rd5 27.Bh2 Ke8 28.Rab1 a6 29.Rb2 Bc6
30.Reb1 b5 31.axb5 axb5 32.Ra2 Kf8 33.Ra7 Rxd6 34.Bxd6+ Qxd6 35.Qg5 Kg8 36.Qxh4 e5
37.Qh5 f6 38.Qf7+  1-0

[Event "Wch U26"]
[Site "Antwerp"]
[Date "1992.??.??"]
[Round "9"]
[White "Vega Holm, Fernando"]
[Black "Martin del Campo, Roberto"]
[Result "1-0"]
[WhiteElo "2320"]
[BlackElo "2425"]

1.e4 c5 2.c3 Nf6 3.e5 Nd5 4.d4 cxd4 5.Qxd4 e6 6.Nf3 Nc6 7.Qe4 d6 8.Nbd2 dxe5
9.Nxe5 Nxe5 10.Qxe5 Qc7 11.Bb5+ Bd7 12.Bxd7+ Qxd7 13.O-O Nf6 14.Nc4 b5 15.Ne3 Bd6
16.Qd4 O-O 17.a4 Rfd8 18.Qh4 a5 19.Ng4 Nxg4 20.Qxg4 bxa4 21.Bg5 Rdb8 22.Rfd1 Qc6
23.Rd2 a3 24.Bf6 Bf8 25.bxa3 a4 26.h4 h5 27.Qg3 Qe4 28.Bd4 Rb5 29.c4 Rb3
30.Qg5 Rd3 31.Rxd3 Qxd3 32.Bc5 f6 33.Qe3 Qxc4 34.Bxf8 Rxf8 35.g3 Rc8 36.Re1 e5
37.Kh2 Rb8 38.Rd1 Rb7 39.Qf3 Qa6 40.Qd5+ Kh7 41.Qe4+ Kh6 42.Rd8  1-0

[Event "Asuncion"]
[Site "Asuncion"]
[Date "1992.??.??"]
[Round "8"]
[White "Valiente, Cristobal"]
[Black "Franco Ocampo, Zenon"]
[Result "0-1"]
[WhiteElo "2345"]
[BlackElo "2525"]

1.e4 c5 2.c3 Nf6 3.e5 Nd5 4.d4 cxd4 5.Nf3 e6 6.cxd4 b6 7.Nc3 Nxc3 8.bxc3 Qc7
9.Bd2 Be7 10.Bd3 Ba6 11.Bxa6 Nxa6 12.O-O Rc8 13.c4 O-O 14.Rc1 d6 15.Qe2 Nb8
16.Rfe1 Nd7 17.exd6 Bxd6 18.h3 h6 19.Be3 Rfd8 20.Red1 Qb7 21.Qb2 Nf6 22.a4 Rd7
23.Qb5 Rdc7 24.Nd2 Nd5 25.a5 e5 26.a6 Qa8 27.Nf3 exd4 28.Qxd5 Qxd5 29.cxd5 dxe3
30.Rxc7 exf2+ 31.Kxf2 Rxc7 32.Rd2 Kf8 33.Ke2 Rc5 34.Nd4 Ra5 35.Nf5 Be5 36.Rc2 Rc5
37.Rxc5 bxc5 38.d6 Ke8 39.Kd3 g6 40.Nxh6 Bxd6 41.Ng4 Kd7 42.Kc4 Kc6 43.Ne3 Kb6
44.Kd5 Be7 45.Nc4+ Kxa6 46.Kc6 f5 47.g3 g5 48.Kd7 Bf8  0-1

[Event "Auckland"]
[Site "Auckland"]
[Date "1992.??.??"]
[Round "3"]
[White "Levi, Eddy"]
[Black "Small, Vernon A"]
[Result "0-1"]
[WhiteElo "2300"]
[BlackElo "2390"]

1.e4 c5 2.c3 Nf6 3.e5 Nd5 4.d4 cxd4 5.Bc4 Qc7 6.Qe2 Nb6 7.Bd3 Nc6 8.Nf3 d5
9.exd6 Qxd6 10.Nxd4 Nxd4 11.cxd4 e6 12.Nc3 a6 13.O-O Be7 14.Ne4 Qd8 15.Qg4 g6
16.Qg3 O-O 17.Bh6 Re8 18.Rad1 Nd5 19.Rfe1 b6 20.a3 Bb7 21.Bg5 Bxg5 22.Nxg5 Qf6
23.Ne4 Qg7 24.Nd6 Re7 25.Nxb7 Rxb7 26.Qd6 Qf8 27.Qe5 Rd7 28.Rc1 Qd6 29.Be4 Rad8
30.g3 Ne7 31.Qxd6 Rxd6 32.Rc7 R8d7 33.Rxd7 Rxd7 34.Rd1 e5 35.d5 Kg7 36.g4 f5
37.gxf5 gxf5 38.Bc2 Kf6 39.Bb3 e4 40.f3 Ke5 41.d6 Nc8 42.Rd5+ Kf4 43.fxe4 fxe4
44.Rh5 Nxd6 45.Rh6 b5 46.Kf1 a5 47.Ke1 a4 48.Bg8 Nc4 49.Rh4+ Kf3 50.Bxh7 Re7
51.Bg6 Nxb2 52.Rh3+ Kf4 53.Rh5 Nd3+ 54.Kd2 Ne5 55.Bh7 Nf3+ 56.Ke2 Kg4 57.Bg6 Nd4+
58.Kf1 e3 59.h3+ Kg3 60.Rg5+ Kh2 61.Rg2+ Kxh3 62.Bh5 e2+ 63.Kf2 e1=Q+  0-1

[Event "Wch Seniors"]
[Site "Bad Woerishofen"]
[Date "1992.??.??"]
[Round "4"]
[White "Stoliar, Efim Samoilovich"]
[Black "Taimanov, Mark E"]
[Result "1/2-1/2"]
[WhiteElo "2395"]
[BlackElo "2505"]

1.e4 c5 2.c3 Nf6 3.e5 Nd5 4.d4 cxd4 5.cxd4 e6 6.Nf3 Be7 7.Nc3 Nxc3 8.bxc3 b6
9.Bd3 Ba6 10.O-O Bxd3 11.Qxd3 O-O 12.a4 Nc6 13.Nd2 d5 14.exd6 Bxd6 15.Ne4 Be7
16.Re1 Rc8 17.Re3 Na5 18.Rh3 f5 19.Nd2 Qd5 20.Qe2 Rc6 21.Re3 Rfc8 22.Bb2 Bg5
23.Re5 Qd7 24.Nf3 Bf6 25.Re3 Nc4 26.Rd3 Qd5 27.Re1 Qa5 28.Bc1 h6 29.Qd1 Qd5
30.Ne5 Bxe5 31.dxe5 Qc5 32.Qe2 R6c7 33.Rg3 Rd7 34.Bxh6 Qxe5 35.Qf1 Qd5 36.Qe2 e5
37.Qh5 e4 38.Bf4 Qf7 39.Qh4 Rd3 40.Rg5 Qf6 41.g4 Qxc3 42.Rc1 Rh3 43.Rxg7+ Qxg7
44.Qxh3 Qxg4+ 45.Qxg4+ fxg4 46.Kg2 Kf7 47.Re1 Re8 48.Kg3 Nb2 49.Ra1 Ke6 50.a5 Nc4
51.axb6 axb6 52.Rb1 Rg8 53.Be3 Rb8 54.Kf4 b5 55.Kxe4 b4 56.Kd4 Nxe3 57.fxe3 Kf5
58.e4+ Ke6 59.Rb3 Rb7 60.h3 Rd7+ 61.Kc4 Rc7+ 62.Kd4 Rc3 63.Rxb4 Rxh3 64.Rb6+ Kf7
65.e5 g3 66.Ke3 g2+ 67.Kf2 Rg3 68.e6+ Kf6 69.Kg1  1/2-1/2